| 000 | 00361nam a2200145 i 4500 | ||
|---|---|---|---|
| 001 | bg | ||
| 100 | 1 | _aPACIOREK, Z. | |
| 245 | 0 |
_aLaboratorium inżynierii materiałowej / _cZ. Paciorek, S. Stryszowski. |
|
| 260 |
_aKielce, _c1981. |
||
| 700 | 1 | _aSTRYSZOWSKI, S. | |
| 040 | _cBPK | ||
| 041 | _apol | ||
| 942 | _cKS | ||
| 008 | s pl f |000 0 pol | ||
| 999 |
_c21078 _d21078 |
||
| 856 |
_uhttp://koha.tu.koszalin.pl/cgi-bin/koha/opac-detail.pl?biblionumber=21078 _yKatalog online BPK |
||